000 00330nam a2200133 i 4500
001 bg
245 0 _aOgólna technologia chemiczna /
_cpod red. I. P. Muchlenova.
260 _aWarszawa,
_c1974.
700 1 _aMUCHLENOV, I. P.
_eRed.
040 _cBPK
041 _apol
942 _cKS
008 s pl f |000 0 pol
999 _c26487
_d26487
856 _uhttp://koha.tu.koszalin.pl/cgi-bin/koha/opac-detail.pl?biblionumber=26487
_yKatalog online BPK